[Event "Washington Open Championship"]
[Site "Seattle, WA"]
[Date "2013.05.25"]
[Round "2"]
[White "Tu Robin  (WA)"]
[Black "Varner Murlin  (WA)"]
[Result "1-0"]
[WhiteElo "1401"]
[BlackElo "1684"]
[Annotator ""]
[Source ""]
[Remark "Reserve"]

1.e4 e6 2.d4 d5 3.e5 c5 4.c3 Nc6 5.Bb5 Bd7 6.Ne2 cxd4
( 6...Nxe5 7.Bxd7+ Nxd7 ) 7.Nxd4 Nxe5 8.Bf4 Ng6 9.Bg3 Bxb5 {?}
10.Nxb5 e5 11.Qxd5 Nf6 12.Qxb7 Rc8 {?} ( 12...Rb8 ) 13.Nxa7 Rc7
14.Qb5+ Nd7 15.Nc6 Qf6 ( 15...Qa8 $15 ) 16.Nb8 Be7 17.Nd2 Qe6
18.Rd1 O-O 19.Nxd7 Rxd7 20.O-O Rd5 21.Qb3 Rfd8 22.Nf3 e4 23.Rxd5
Rxd5 24.Nd4 Qd7 25.f3 exf3 26.Nxf3 Rb5 27.Qa4 Bc5+ 28.Kh1 Qd3
29.Rd1 Qe2 30.Re1 Qxb2 31.Ne5 Nxe5 32.Bxe5 Bf8 33.h3 Rd5 34.Qb3
Qd2 35.Rf1 Rd7 36.Bd4 Qd3 37.Rf2 Qe4 38.a4 Rb7 39.Qa2 {??} Bd6
{??} ( 39...Rb1+ 40.Qxb1 ( 40.Kh2 Bd6+ 41.Be5 Qxe5+ )
( 40.Rf1 Rxf1+ 41.Bg1 Qe3 ) Qxb1+ 41.Kh2 Bd6+ ) 40.Rf1 Qd3 41.Qf2
f6 42.Qf5 Qxf5 43.Rxf5 Rb1+ 44.Bg1 Rc1 {?!} 45.Rd5 Bc7
( 45...Bg3 46.Rd8+ Kf7 47.Rd2 {%02=/$15} ) 46.a5 Rxc3 {%02??  Greedy for the wrong pawn.  Once this move is made it is too late to stop the pawn on a5.}
( 46...Ra1 ) 47.a6 Ra3 48.a7 Ra1 49.Rb5 Kf7 50.Rb7 1-0

[Event "Washington Open Championship"]
[Site "Seattle, WA"]
[Date "2013.05.25"]
[Round "1"]
[White "Varner Murlin  (WA)"]
[Black "Yang Richard  (WA)"]
[Result "1-0"]
[WhiteElo "1684"]
[BlackElo "1419"]
[Annotator ""]
[Source ""]
[Remark "Reserve"]

1.c4 e5 2.Nc3 Nf6 3.g3 c5 4.Bg2 Nc6 5.d3 Be7 6.Nf3 O-O 7.O-O
b6 8.Nxe5 Bb7 9.Nxc6 Bxc6 10.Bxc6 dxc6 11.Bg5 h6 12.Bf4 Nh5 13.Qd2
g5 14.Be3 f5 15.f3 f4 16.Bf2 fxg3 17.hxg3 Qd7 18.Kg2 g4 19.Qxh6
gxf3+ 20.exf3 Qf5 21.Qxc6 Qxd3 22.Qd5+ Qxd5 23.Nxd5 Bd6 24.Rad1
Rad8 25.Rh1 Ng7 26.Ne3 Ne6 27.Ng4 Ng5 28.f4 Nh7 29.Nh6+ Kg7 30.Rd5
Rf6 31.Nf5+ Kg8 32.Rh6 Bc7 33.Rxf6 Nxf6 34.Ne7+ Kf7 35.Rxd8 Bxd8
36.Nc6 Ke8 37.Nxa7 Ne4 38.Be3 Nd6 39.b3 Bf6 40.Kf3 Bd4 41.g4
Kf7 42.Nc6 Bg7 43.Ne5+ Ke6 44.Nd3 Bc3 45.f5+ Nxf5 46.gxf5+ Kxf5
47.Nxc5 bxc5 48.Bxc5 Ke6 49.Ke4 Be5 50.a4 Bc7 51.b4 Kd7 52.Kd5
Kc8 53.Kc6 Kb8 54.Bd6 Kc8 {%02  (I could almost hear him thinking "Take the bishop, take the bishop.")}
55.a5 Bd8 56.a6 Bc7 57.a7 Bxd6 58.a8Q+ Bb8 59.Qb7+ Kd8 60.Qd7# 1-0

[Event "Washington Open Championship"]
[Site "Seattle, WA"]
[Date "2013.05.26"]
[Round "3"]
[White "Varner Murlin  (WA)"]
[Black "Chalesani Suja  (WA)"]
[Result "1/2-1/2"]
[WhiteElo "1684"]
[BlackElo "1408"]
[Annotator ""]
[Source ""]
[Remark "Reserve"]

1.c4 e6 2.g3 Bc5 3.d4 Bb4+ 4.Bd2 Bxd2+ 5.Nxd2 d5 6.e3 b6 7.Bg2
Bb7 8.Nh3 Nf6 9.O-O O-O 10.cxd5 exd5 11.Rc1 c6 12.Nf4 Re8 13.h4
Nbd7 14.Re1 c5 15.dxc5 Nxc5 16.b4 Nce4 17.Nb3 Qd6 18.a3 Rac8
19.Nd4 Rxc1 20.Qxc1 Rc8 21.Qb2 Qc7 22.Bh3 Qc3 23.Qa1 Qd2 {%02  Threatening a mate in two.}
24.Nfe2 Rc3 25.Nf3 Qc2 26.Nfd4 Qd2 27.Nf3 Qc2 28.Nfd4
( 28.Bf5 $16 ) 1/2-1/2

[Event "Washington Open Championship"]
[Site "Seattle, WA"]
[Date "2013.05.25"]
[Round "1"]
[White "Dhingra Sangeeta  (WA)"]
[Black "Tiglon Bryce  (WA)"]
[Result "0-1"]
[WhiteElo "1733"]
[BlackElo "2113"]
[Annotator ""]
[Source ""]
[Remark "Open"]

1.e4 c5 2.Nf3 d6 3.d4 cxd4 4.Nxd4 Nf6 5.Nc3 a6 6.a4 e5 7.Nb3
Be6 8.Be2 Be7 9.Be3 Nbd7 10.O-O Rc8 11.f3 O-O 12.a5 Qc7 13.Qd2
Rfd8 14.Rfc1 Nc5 15.Bg5 {??} ( 15.Nd5 {=} ) Bxb3 16.cxb3 Nxb3
17.Nb5 Qxc1+ 18.Rxc1 Rxc1+ 19.Qxc1 Nxc1 20.Bxc1 axb5 0-1

[Event "Washington Open Championship"]
[Site "Seattle, WA"]
[Date "2013.05.25"]
[Round "2"]
[White "O'Connell Sean (OR)"]
[Black "Pyle Galen  (OR)"]
[Result "1/2-1/2"]
[WhiteElo "1764"]
[BlackElo "1865"]
[Annotator ""]
[Source ""]
[Remark "Premier"]

1.Nf3 d5 2.d4 Nf6 3.Bf4 c5 4.e3 Qb6 5.Nc3 a6 6.Rb1 Nc6 7.Be2
Bf5 8.a3 ( 8.O-O e6 9.h3 Rc8 10.Bd3 Bxd3 11.Qxd3 Be7 12.Na4 Qa5
13.Qb3 b6 14.dxc5 Bxc5 15.Nxc5 Qxc5 16.Qd3 O-O 17.c3 b5 18.a3
Ne4 19.Ne5 Nxe5 20.Bxe5 Qc4 21.Qd1 f6 22.Bh2 Rfd8 23.Re1 Nc5
24.Qg4 Qxg4 25.hxg4 e5 26.g5 Kf7 27.gxf6 gxf6 28.Red1 Rd7 29.Kf1
Rg8 30.f3 Ke6 31.Rd2 f5 32.Rbd1 e4 33.Rd4 Nd3 34.Rd2 h5 35.a4
h4 36.b3 Rc8 37.Rc2 Rc6 38.Ke2 Rb7 39.axb5 axb5 40.Kd2 Ra7 41.c4
dxc4 42.bxc4 Nc5 43.Rb2 bxc4 44.Rxc4 exf3 45.gxf3 Ne4+ 46.fxe4
Rxc4 47.Rb6+ Ke7 48.exf5 Rd7+ 49.Ke1 Rc1+ 50.Ke2 Rc2+ {0-1, Molina Julio (ARG) - Corte Cesar Juan, Argentina 1938}
) e6 9.O-O cxd4 10.exd4 Be7 11.h3 O-O 12.Re1 Rac8 13.Bh2 Rfd8
14.Bd3 Bxd3 1/2-1/2

[Event "Washington Open Championship"]
[Site "Seattle, WA"]
[Date "2013.05.25"]
[Round "2"]
[White "Bragg David  (WA)"]
[Black "Ramesh Jothi  (WA)"]
[Result "1-0"]
[WhiteElo "2200"]
[BlackElo "1773"]
[Annotator ""]
[Source ""]
[Remark "Open"]

1.d4 Nf6 2.c4 e6 3.Nf3 d5 4.g3 Be7 5.Bg2 O-O 6.O-O b6 7.Ne5 Bb7
8.Nc3 Nbd7 9.Bf4 Nxe5 10.Bxe5 c6 11.Qa4 Nd7 12.Bf4 f6 13.Rfd1
( 13.cxd5 cxd5 14.Bh3 f5 15.Nb5 Bc6 16.Rac1 Bxb5 17.Qxb5 g5 18.Bc7
Qe8 19.Qc6 Kf7 20.e4 dxe4 21.d5 Nc5 22.dxe6+ Kg6 23.Qd5 Rc8 24.g4
f4 25.b4 Rxc7 26.bxc5 Qc6 27.Qe5 bxc5 28.Rc4 Bd6 {1/2-1/2, Orlov Oleg (RUS) 2227 - Gaprindashvili Nona (RUS) 2013, St. Petersburg (Russia) 2006.10.26}
) e5 14.cxd5 cxd5 15.Nxd5 exf4 16.Nxe7+ Qxe7 17.Bxb7 Rab8 18.Bf3
fxg3 19.hxg3 f5 20.Qxa7 f4 21.g4 h5 22.Rac1 hxg4 23.Bxg4 Rbd8
24.Qa3 Qg5 25.Qb3+ Kh7 26.Qh3+ Kg6 27.Qg2 Kf6 28.Rc6+ Ke7 29.Re6+
Kf7 30.Rd6 Ke7 31.Rxd7+ 1-0

[Event "Washington Open Championship"]
[Site "Seattle, WA"]
[Date "2013.05.25"]
[Round "1"]
[White "Herrera Robert (OR)"]
[Black "Soetedjo James  (WA)"]
[Result "1-0"]
[WhiteElo "2044"]
[BlackElo "1733"]
[Annotator ""]
[Source ""]
[Remark "Open"]

1.c4 e5 2.Nc3 Nf6 3.Nf3 Nc6 4.g3 Bc5 5.Bg2 d6 6.O-O O-O 7.a3
a5 8.d3 h6 9.e3 Bg4 10.h3 Bxf3 11.Bxf3 Qd7 12.Kh2 Rfe8 13.Bd2
Nd8 14.Na4 {=} Nc6 15.Bc3 Qf5 16.Be2 e4 17.Bxf6 gxf6 18.dxe4 1-0

[Event "Washington Open Championship"]
[Site "Seattle, WA"]
[Date "2013.05.26"]
[Round "2"]
[White "Perez Ignacio  (WA)"]
[Black "Kenney Jason  (CAN)"]
[Result "1-0"]
[WhiteElo "2254"]
[BlackElo "2080"]
[Annotator ""]
[Source ""]
[Remark "Open"]

1.e4 c6 2.d4 d5 3.exd5 cxd5 4.c4 Nf6 5.Nc3 Nc6 6.Bg5 e6 7.Nf3
Be7 8.Bd3 dxc4 9.Bxc4 O-O 10.O-O b6 11.Re1 Bb7 12.a3 Rc8 13.Qd3
Nd5 14.Ne4 f5 ( 14...f5 15.Nc3 Bxg5 16.Rxe6 Na5 17.Bxd5 Bxd5
18.Nxg5 Rxc3 19.Qb5 Rb3 {0-1, Straeter Timo (GER) 2370 - Jackelen Thomas (GER) 2373, Germany 2000}
) 15.Bxe7 fxe4 16.Bxd8 exd3 17.Bg5 Rxf3 18.Bxd5 exd5 19.gxf3
Nxd4 20.Re7 Nxf3+ 21.Kg2 Nxg5 22.Rxb7 d2 23.Rd1 Ne4 24.Re7 Rc1
25.Rxe4 Rxd1 26.Rd4 Re1 27.Rxd2 Re5 28.Rc2 Kf7 29.Kf3 Ke8 30.Rc8+
Kf7 31.Ra8 Re7 32.Rd8 Ke6 33.Ke3 Rd7 34.Re8+ Kf5 35.Kd4 h5 36.b4
g5 37.h3 Kg6 38.a4 Rf7 39.Re6+ Rf6 40.Kxd5 Rxe6 {??} 41.Kxe6
g4 42.h4 a6 43.b5 {+-} 1-0

[Event "Washington Open Championship"]
[Site "Seattle, WA"]
[Date "2013.05.26"]
[Round "4"]
[White "Varner Murlin  (WA)"]
[Black "He Dalton  (WA)"]
[Result "0-1"]
[WhiteElo "1684"]
[BlackElo "1099"]
[Annotator ""]
[Source ""]
[Remark "Reserve"]

1.c4 e6 2.Nc3 c6 3.g3 d5 4.e3 Bd6 5.d4 Nd7 6.c5 Bc7 7.Bg2 Qe7
8.Nf3 f5 9.O-O Ngf6 10.b4 Ne4 11.Ne2 O-O 12.Bb2 b6 13.Nf4 Ba6
14.Re1 bxc5 15.dxc5 Rab8 16.a3 {?} ( 16.Nd4 $16 ) e5 17.Ne2 Nexc5
18.Nxe5 {?} ( 18.Bxe5 Nxe5 19.bxc5 ) Nxe5 19.Bxe5 Bxe5 20.bxc5
Bxa1 21.Qxa1 Qxc5 22.Nd4 Qd6 23.Bh3 Qf6 24.Rc1 Bc4 25.Qc3 g6
26.Qa5 Rfc8 27.Qxa7 c5 28.Nf3 Qb2 29.Re1 Rb7 30.Qa4 Qb3 31.Qa5
Qc2 32.Bg2 Rb2 33.Kh1 Qxf2 34.Rg1 Qxe3 35.Qa7 Rxg2 36.Kxg2 Qe2+
37.Kh3 Qxf3 38.Qe7 Bf1+ 39.Rxf1 Qxf1+ 40.Kh4 Qc4+ 41.Kh3 Qg4+
42.Kg2 Qe4+ 0-1

[Event "Washington Open Championship"]
[Site "Seattle, WA"]
[Date "2013.05.26"]
[Round "2"]
[White "Feng Roland  (WA)"]
[Black "Kaufman Raymond  (CA)"]
[Result "1/2-1/2"]
[WhiteElo "2218"]
[BlackElo "2436"]
[Annotator ""]
[Source ""]
[Remark "Open"]

1.d4 Nf6 2.c4 e6 3.Nc3 Bb4 4.Qc2 O-O 5.Nf3 c5 6.dxc5 Na6 7.g3
Nxc5 8.Bg2 b6 9.O-O Ba6 10.b3 d5 11.Rd1 Qc8 12.Ne5 Bb7 13.Be3
dxc4 14.Nxc4 Bxg2 15.Kxg2 Ng4 16.Bxc5 Qxc5 17.Ne4 Qc6 18.f3 Qxc4
19.Qxc4 Ne3+ 20.Kf2 Nxc4 21.bxc4 Rfd8 22.Rab1 Be7 23.Rd3 f5 24.Nd2
Kf7 25.Rbb3 Bc5+ 26.e3 Ke7 27.Ke2 h5 28.Rxd8 Rxd8 29.Rd3 Rc8
30.a3 h4 31.g4 h3 32.gxf5 exf5 33.f4 Bd6 34.Kf2 Rc5 35.Kg3 Ra5
36.Nb1 Ra4 37.Rc3 g5 38.Kxh3 gxf4 39.exf4 Bxf4 40.c5 Be5 41.Re3
Kf6 42.cxb6 axb6 43.Nc3 Ra7 ( 43...Rd4 ) 44.Nd5+ Ke6 45.Nxb6
Rh7+ 46.Kg2 Rxh2+ 47.Kg1 Rc2 48.Nd7 Kxd7 49.Rxe5 Ra2 1/2-1/2

[Event "Washington Open Championship"]
[Site "Seattle, WA"]
[Date "2013.05.25"]
[Round "2"]
[White "Strong Edward  (WA)"]
[Black "Dutton Carl  (WA)"]
[Result "0-1"]
[WhiteElo "1425"]
[BlackElo "1691"]
[Annotator ""]
[Source ""]
[Remark "Reserve"]

1.e4 c5 2.Nf3 e6 3.d4 cxd4 4.Nxd4 a6 5.Nc3 Qc7 6.Qd3 Nf6 7.g3
Bb4 8.Bg2 Nc6 9.f4 Nxd4 10.Qxd4 Bc5 11.Qa4 Qb6 12.Rf1 Ng4 13.Bd2
Nxh2 14.Rh1 Bf2+ 15.Ke2 Ng4 16.Rh4 Bxg3 17.Rxg4 Qf2+ 18.Kd3 Qxg2
19.Rxg7 Qf3+ 20.Kd4 Bf2+ 21.Ke5 Be3 22.Bxe3 Qxe3 23.Rag1 f6+ 0-1

[Event "Washington Open Championship"]
[Site "Seattle, WA"]
[Date "2013.05.26"]
[Round "5"]
[White "Huang Patrtick  (CAN)"]
[Black "Varner Murlin  (WA)"]
[Result "0-1"]
[WhiteElo "1040"]
[BlackElo "1684"]
[Annotator ""]
[Source ""]
[Remark "Reserve"]

1.e4 e6 2.d4 d5 3.exd5 exd5 4.c4 Bb4+ 5.Bd2 Qe7+ 6.Qe2 Bxd2+
7.Nxd2 Qxe2+ 8.Bxe2 Nf6 9.Ngf3 O-O 10.O-O Nc6 11.Rfe1 Bf5 12.c5
Ne4 13.Bb5 {?} Nxd2 14.Bxc6 {??} Nxf3+ 15.gxf3 bxc6 16.a4 a5
17.Re7 Rfc8 18.Ra3 Kf8 19.Re5 g6 20.Rb3 Rab8 21.Ree3 Rxb3 22.Rxb3
Bc2 23.Rb7 Bxa4 24.Ra7 Bb5 25.Rxa5 Ke7 26.Ra3 Kd7 27.Kg2 Re8
28.Re3 h5 29.h4 Rxe3 30.fxe3 Bd3 31.Kg3 Ke6 32.Kf4 f6 33.b4 Bc2
34.e4 dxe4 35.fxe4 g5+ 36.hxg5 fxg5+ 37.Kxg5 Bxe4 38.Kxh5 Kd5
39.Kg4 Kxd4 40.Kf4 Bd5 41.Kg3 Kc4 42.Kf2 Kxb4 43.Ke3 Kxc5 44.Kd3
Kb4 45.Kd2 Kb3 46.Kc1 c5 47.Kb1 c4 48.Kc1 Be4 49.Kd2 c3+ 50.Ke3
c2 51.Kxe4 c1Q 52.Kd5 Qc4+ 53.Ke5 Kc3 54.Kf5 Qd4 55.Ke6 Qc5 56.Kf6
Qd5 57.Ke7 Qd6+ 58.Kf7 Kd4 59.Ke8 Ke5 60.Kf7 Qe6+ 61.Kg7 Qf5
62.Kh6 Qg4 63.Kh7 Kf6 64.Kh8 Qg7# 0-1

[Event "Washington Open Championship"]
[Site "Seattle, WA"]
[Date "2013.05.25"]
[Round "1"]
[White "Harlin Jeremy  (WA)"]
[Black "Hadzic Huso  (WA)"]
[Result "0-1"]
[WhiteElo "1189"]
[BlackElo "2191"]
[Annotator ""]
[Source ""]
[Remark "Open"]

1.e4 c5 2.Nf3 Nc6 3.g3 g6 4.Bg2 Bg7 5.O-O Nf6 6.d3 O-O 7.Nc3
d6 8.Ne2 h6 9.Bd2 Kh7 10.c4 e5 11.Nc3 Be6 12.Nd5 Qd7 13.Re1 Ng8
14.a3 Bh3 15.Bh1 f5 16.exf5 Qxf5 17.Re3 Nd4 18.Be1 Bg4 19.Nxd4
exd4 20.Be4 Bxd1 21.Bxf5 dxe3 22.Bxg6+ Kxg6 23.Nf4+ Rxf4 24.gxf4
e2 25.Kg2 Kf5 26.Kf3 Nf6 27.b4 Nh5 0-1

[Event "Washington Open Championship"]
[Site "Seattle, WA"]
[Date "2013.05.27"]
[Round "5"]
[White "Yeo Joey  (WA)"]
[Black "Dixon James  (WA)"]
[Result "0-1"]
[WhiteElo "1062"]
[BlackElo "1306"]
[Annotator ""]
[Source ""]
[Remark "Reserve"]

1.d4 Nf6 2.c4 e5 3.dxe5 Ng4 4.Nf3 Nc6 5.Bf4 Bb4+ 6.Nbd2 Qe7 7.a3
Bxd2+ 8.Qxd2 Ngxe5 9.Nxe5 Nxe5 10.g3 Nf3+ 11.Kd1 Nxd2 12.Kxd2
Qe4 13.f3 Qxc4 14.e4 Qd4+ 15.Ke1 Qxb2 16.Rd1 O-O 17.h4 d6 18.Be2
f5 19.h5 fxe4 20.fxe4 Rxf4 21.gxf4 Qxa3 22.f5 Qg3+ 23.Kd2 Qf4+
24.Kc3 Qxe4 25.Bc4+ Kf8 26.Rde1 Qc6 27.h6 d5 28.hxg7+ Kg8 29.Rh4
dxc4 30.Rxc4 Qf3+ 31.Kb4 a5+ 32.Kc5 0-1

[Event "Washington Open Championship"]
[Site "Seattle, WA"]
[Date "2013.05.27"]
[Round "4"]
[White "Mathews Dan  (WA)"]
[Black "Soetedjo James  (WA)"]
[Result "0-1"]
[WhiteElo "1714"]
[BlackElo "1727"]
[Annotator ""]
[Source ""]
[Remark "Open"]

1.e4 c5 2.Nf3 e6 3.d4 cxd4 4.Nxd4 Nf6 5.Nc3 d6 6.Be2 e5 7.Nf3
Be7 ( 7...Be7 8.O-O h6 9.h3 Nc6 10.Be3 Be6 11.Qd2 d5 12.exd5
Nxd5 13.Nxd5 Bxd5 14.Rfd1 Be6 15.Qc3 Qc7 16.Bb5 O-O 17.Bxc6 Qxc6
18.Qxc6 bxc6 19.Nxe5 Rfc8 20.c3 a5 21.Nd7 Rc7 22.Nc5 Bd5 23.b3
f5 24.Na4 Bf7 25.Bb6 Rb7 26.Rd3 Bh5 27.Re1 Kf7 28.Kf1 g5 29.f3
g4 30.fxg4 fxg4 31.Re5 Bg6 32.Rd2 gxh3 33.gxh3 Bg5 34.Rf2+ Kg7
35.Rxa5 Bd3+ 36.Kg2 Re8 37.Bd4+ Kg6 38.Nc5 Be4+ 39.Nxe4 Rxe4
40.Re5 Rh4 41.Re6+ Kh5 42.Rxc6 Be7 43.Bf6 Bxf6 44.Rcxf6 {1-0, Ruszin Anna (HUN) 2091 - Bartha Agnes (ROM) 1876, Szeged (Hungary) 2006.09.10}
) 8.Bg5 Nbd7 9.O-O O-O 10.h4 h6 11.Be3 b5 12.Bd3 {?} Bb7 13.a3
Rc8 14.Qd2 Ng4 15.g3 Nxe3 16.Qxe3 Nc5 17.Nd5 Bxd5 18.exd5 f5
19.Nh2 f4 20.Qe2 fxg3 21.fxg3 Rxf1+ 22.Rxf1 Nxd3 23.Qxd3 Qb6+
24.Kg2 Qd4 25.Qxd4 exd4 26.Rf2 Rc5 27.Nf3 Rxd5 28.Rd2 Bf6 29.c3
{??} dxc3 30.Rxd5 c2 0-1

[Event "Washington Open Championship"]
[Site "Seattle, WA"]
[Date "2013.05.26"]
[Round "4"]
[White "Haining Kyle  (WA)"]
[Black "Kenney Jason  (CAN)"]
[Result "1/2-1/2"]
[WhiteElo "1907"]
[BlackElo "2160"]
[Annotator ""]
[Source ""]
[Remark "Open"]

1.e4 c6 2.d4 d5 3.Nd2 dxe4 4.Nxe4 Bf5 5.Ng3 Bg6 6.Nf3 Nd7 7.c3
Qc7 8.Bd3 e6 9.O-O Ngf6 10.Re1 Bd6 11.Bg5 Bxd3 12.Qxd3 h6 13.Bxf6
Nxf6 ( 13...Nxf6 14.Nf5 O-O-O 15.Nxd6+ Qxd6 16.Ne5 Rhf8 17.Qc4
h5 18.b4 Qd5 19.Qc5 Qxc5 20.bxc5 Kc7 21.a4 Nd5 22.Ra3 b6 23.c4
Nb4 24.cxb6+ axb6 25.Rb3 c5 26.g3 Rxd4 27.Ra1 f6 28.Ng6 Re8 29.Rc3
e5 30.Nh4 Red8 31.Nf5 Rd1+ 32.Rxd1 Rxd1+ 33.Kg2 Rd7 34.h3 g6
35.Nh4 g5 36.Nf5 Nc6 37.Ne3 Ne7 38.g4 h4 39.Ra3 Kc6 40.Kf3 Rd4
41.a5 bxa5 42.Rxa5 Kb6 43.Ra4 Nc6 44.Nd5+ Kb7 45.Ke2 Nb4 46.Nxb4
cxb4 47.Rxb4+ Kc6 48.Ke3 {1/2-1/2, Wormuth Marcus (GER) - Boehm Roland (GER) 2068, Waldshut (Germany) 2002}
) 14.Ne5 O-O 15.Rad1 c5 16.Nf3 Rfd8 17.Ne4 cxd4 18.Nxf6+ gxf6
19.cxd4 Bf8 20.Qe4 Rd5 21.Rc1 Qd7 22.Qf4 Bg7 23.Rc7 Qb5 24.b3
Rad8 25.Rec1 R5d7 26.h3 Rxc7 27.Qxc7 Qd7 28.Rc4 Kf8 29.Qc5+ Kg8
30.Qxa7 Bf8 31.Qb6 Bd6 32.Qa5 b5 33.Rc2 Rc8 34.Qd2 Rxc2 35.Qxc2
b4 36.Nd2 Be7 37.Nf3 Kg7 38.Qc4 Qa7 39.Qc2 Qd7 40.Qd3 Qa7 41.Qd2
Qd7 42.Ne1 Qd6 43.Nc2 f5 44.Qe3 Qa6 45.Qg3+ Kf8 46.Nxb4 Qa3 47.Nd3 1/2-1/2

[Event "Washington Open Championship"]
[Site "Seattle, WA"]
[Date "2013.05.26"]
[Round "4"]
[White "Eva David  (WA)"]
[Black "O'Connell Sean (OR)"]
[Result "1-0"]
[WhiteElo "1866"]
[BlackElo "1764"]
[Annotator ""]
[Source ""]
[Remark "Premier"]

1.e4 g6 2.d4 Bg7 3.Nf3 d6 4.Be3 Nd7 5.Be2 Ngf6 6.Nc3 a6 7.a4
b6 8.O-O Bb7 9.e5 Ng4 10.e6 fxe6 11.Ng5 Nxe3 12.fxe3 Nf8 13.Nf7
Qd7 14.Nxh8 Bxh8 15.Bf3 d5 16.e4 dxe4 17.Nxe4 Bxd4+ 18.Kh1 O-O-O
19.c3 Be5 20.Qxd7+ Rxd7 21.Rad1 Bd5 22.Be2 Bg7 23.Bxa6+ Kd8 24.Ng5
Bf6 25.Nf3 Rd6 26.Rde1 Nd7 27.Nd4 e5 28.Nc2 Bb3 29.Ne3 Bxa4 30.Be2
Rd2 31.Nc4 Rd5 32.Bf3 Rc5 33.Nd2 Bc6 34.Ne4 Rb5 35.b4 Kc8 36.Nxf6 1-0

[Event "Washington Open Championship"]
[Site "Seattle, WA"]
[Date "2013.05.26"]
[Round "4"]
[White "Campbell Tim  (WA)"]
[Black "May Sarah  (WA)"]
[Result "1/2-1/2"]
[WhiteElo "1745"]
[BlackElo "1908"]
[Annotator ""]
[Source ""]
[Remark "Open"]

1.e4 e5 2.Nf3 Nc6 3.d4 exd4 4.Nxd4 d6 5.Nc3 Be7 6.Bf4 Bf6 7.Bb5
Bd7 8.Bxc6 bxc6 9.O-O Ne7 10.Re1 Bxd4 ( 10...Ng6 11.Bg3 O-O 12.f4
Re8 13.Qd3 Rb8 14.Rab1 Rb4 15.Nf3 Qc8 16.a3 Rb7 17.e5 Be7 18.Ne4
d5 19.Nc3 Bf5 20.Qd2 Bc5+ 21.Kh1 Qb8 22.b4 Bb6 23.Nd4 Bxd4 24.Qxd4
Bxc2 25.Rbc1 Bf5 26.Na4 Qa8 27.Qc3 Rbb8 28.Qxc6 Qxc6 29.Rxc6
a5 30.Nc5 axb4 31.axb4 Rxb4 {1/2-1/2, Stojic Svetozar (AUS) 1969 - Ninchich Milan (AUS), Canberra (Australia) 2000}
) 11.Qxd4 O-O 12.Rad1 Ng6 13.Bg3 Qb8 14.Na4 Rd8 15.b3 c5 16.Qd2
Bxa4 17.bxa4 Qb2 18.Qa5 1/2-1/2

[Event "Washington Open Championship"]
[Site "Seattle, WA"]
[Date "2013.05.27"]
[Round "6"]
[White "Kannan Aditya  (WA)"]
[Black "Varner Murlin  (WA)"]
[Result "1-0"]
[WhiteElo "1488"]
[BlackElo "1684"]
[Annotator ""]
[Source ""]
[Remark "Reserve"]

1.e4 e6 2.d4 d5 3.Nd2 Bb4 4.c3 Ba5 5.Bd3 Ne7 6.Ne2 Nd7
( 6...Bb6 7.Nf3 c5 8.O-O Nbc6 9.Be3 cxd4 10.cxd4 dxe4 11.Bxe4
O-O 12.Qd3 f5 13.Bxc6 Nxc6 14.Rad1 Nb4 15.Qb3 Nd5 16.Bg5 Qe8
17.Rfe1 Bd7 18.Nc3 Bc6 19.Ne5 Nxc3 20.Nxc6 Nxd1 21.Rxe6 Qxe6
22.Qxe6+ Kh8 23.Ne5 h6 24.Ng6+ Kh7 25.Nxf8+ Rxf8 26.Be7 Re8 27.Qf7
Rg8 28.Qxf5+ Kh8 29.Qc2 Re8 30.Bb4 a5 31.Bd2 Nxf2 32.Kxf2 Bxd4+
33.Kg3 Rf8 34.Bxa5 {1-0, Stevens Nathalie (BEL) - Inghelbrecht V, Gent (Belgium) 2000}
) 7.e5 c5 8.O-O Bb6 9.Nf3 c4 10.Bc2 f6 11.exf6 Nxf6 12.Bg5 Ng6
13.Bxg6+ hxg6 14.Ng3 Qc7 15.Qc2 Ng4 16.Qxg6+ Qf7 17.Qxf7+ Kxf7
18.h3 Nf6 19.Ne5+ Kg8 20.Rfe1 Bc7 21.Re3 Nh5 22.Ng6 Nxg3 23.fxg3
Rh5 24.Bf4 Kh7 25.Nf8+ Kg8 26.Nxe6 Bxf4 27.Nxf4 Rf5 28.Re8+ Rf8
29.Rxf8+ Kxf8 30.Nxd5 Bd7 31.Rf1+ Kg8 32.Re1 Rf8 33.Re7 Bc6 34.Ne3
Rf6 35.d5 Kf8 36.Rc7 1-0

[Event "Washington Open Championship"]
[Site "Seattle, WA"]
[Date "2013.05.27"]
[Round "6"]
[White "Arond Paul  (WA)"]
[Black "Mehta Anand  (WA)"]
[Result "0-1"]
[WhiteElo "1729"]
[BlackElo "1741"]
[Annotator ""]
[Source ""]
[Remark "Premier"]

1.d4 Nf6 2.Nf3 b6 3.e3 Bb7 4.Bd3 e6 5.O-O Be7 6.Nbd2 O-O 7.Qe2
c5 8.b3 cxd4 9.exd4 Nc6 10.a3 Nd5 11.Nb1 Rc8 12.c4 Nf6 13.Nc3
d5 14.Be3 Na5 15.Rfb1 dxc4 16.bxc4 Bxf3 17.gxf3 Nc6 18.Rd1 Qc7
19.d5 exd5 20.Nxd5 Nxd5 21.cxd5 Ne5 22.Bf5 Rcd8 23.Rac1 Qb8 24.Kg2
Bd6 25.h4 Ng6 26.h5 Nh4+ 0-1

[Event "Washington Open Championship"]
[Site "Seattle, WA"]
[Date "2013.05.27"]
[Round "4"]
[White "Arond Paul  (WA)"]
[Black "Jones Davey  (WA)"]
[Result "1/2-1/2"]
[WhiteElo "1729"]
[BlackElo "1562"]
[Annotator ""]
[Source ""]
[Remark "Premier"]

1.d4 Nf6 2.Nf3 g6 3.Nc3 d5 4.Bf4 Bg7 5.e3 O-O 6.Bd3 a6 7.Qd2
c5 8.dxc5 Qa5 9.Ne4 Qxd2+ 10.Nexd2 Nfd7 11.Bg5 f6 12.Bh4 Nxc5
13.Be2 Nc6 14.a3 Nd7 15.c4 dxc4 16.Bxc4+ Kh8 17.O-O Nde5 18.Nxe5
Nxe5 19.Be2 Bd7 20.f4 Nc6 21.Rac1 Rac8 22.b4 Na7 23.Bf3 Bc6 24.Bxc6
Rxc6 25.Rxc6 Nxc6 26.Rc1 Rc8 27.Nb3 Na7 28.Rxc8+ Nxc8 29.Nc5
Nd6 30.Ne6 Nc4 31.Nc5 Nxa3 32.Nxb7 Nc2 33.Nc5 Nxb4 34.Be1 a5
35.Nb7 Nc2 36.Bxa5 Nxe3 37.Kf2 Nd5 38.g3 f5 39.Nd8 Kg8 40.Kf3
e5 41.fxe5 Bxe5 42.Nc6 Bf6 43.Bd2 h5 44.h4 Kf7 45.Nb4 Nxb4 46.Bxb4
g5 47.hxg5 Bxg5 48.Bd6 Ke6 49.Bb8 Kd5 50.Bc7 Kd4 51.Bb8 Kd3 52.Bc7 1/2-1/2

[Event "Washington Open Championship"]
[Site "Seattle, WA"]
[Date "2013.05.26"]
[Round "3"]
[White "Allen Robert  (WA)"]
[Black "Doknjas John  (CAN)"]
[Result "0-1"]
[WhiteElo "1700"]
[BlackElo "2049"]
[Annotator ""]
[Source ""]
[Remark "Open"]

1.d4 Nf6 2.c4 c5 3.d5 e6 4.Nc3 exd5 5.cxd5 d6 6.e4 g6 7.Be2 Bg7
8.Nf3 O-O 9.O-O a6 10.a4 Bg4 11.Bg5 Bxf3 12.Bxf3 Nbd7 13.Be2
Re8 14.Qc2 h6 15.Be3 {%08DA} Qe7 16.f3 g5 17.Rae1 Nf8 18.Bd3
Ng6 19.f4 Ng4 20.Bc1 Bd4+ 21.Kh1 Nxh2 22.Kxh2 gxf4 23.Rf3 {??}
( 23.g3 {=} ) Qh4+ 24.Rh3 Qxe1 25.Ne2 Ne5 26.Rxh6 Ng4+ 27.Kh3
Nf2+ 0-1

[Event "Washington Open Championship"]
[Site "Seattle, WA"]
[Date "2013.05.27"]
[Round "6"]
[White "Collyer Curt  (WA)"]
[Black "Golub David  (WA)"]
[Result "1/2-1/2"]
[WhiteElo "2289"]
[BlackElo "2235"]
[Annotator ""]
[Source ""]
[Remark "Open"]

1.d4 e6 2.c4 b6 3.Nf3 Bb7 4.e3 f5 5.Be2 Nf6 6.O-O Be7 7.Nc3 O-O
8.b3 Ne4 9.Bb2 d6 10.Nxe4 fxe4 11.Nd2 Bg5 12.Bg4 ( 12.Bg4 Qe7
13.Bh3 d5 14.Qg4 Bc8 15.Qe2 Bh6 16.f3 exf3 17.Nxf3 Nd7 18.e4
dxc4 19.Qxc4 Nf6 20.Rae1 a5 21.Ne5 Re8 22.Nc6 Qf7 23.e5 Ba6 24.Qc2
Bxf1 25.Rxf1 Be3+ 26.Kh1 Qd7 27.exf6 Rf8 28.Qe4 Rae8 29.Ne5 Qb5
30.f7+ Kh8 31.g3 {1-0, Turner Jan (CZE) 2347 - Lacha Jan (CZE) 1966, Marianske Lazne (Czech Republic) 2006.01.21}
) Qe7 13.Qe2 Nd7 14.f4 exf3 15.Nxf3 Bh6 16.Bh3 Nf6 17.Nd2 Ne4
18.Nxe4 Bxe4 19.Rae1 Bf5 20.Bxf5 exf5 21.d5 Qe4 22.Rf3 Rae8 23.Kf2
Re7 24.Qd2 Rfe8 25.g3 g5 26.Qd4 Bg7 27.Qxe4 fxe4 28.Bxg7 exf3
29.Bf6 g4 30.Bxe7 Rxe7 31.h3 h5 32.e4 Kg7 33.Ke3 Rf7 34.Kf2 Re7
35.Ke3 Rf7 36.Kf2 1/2-1/2

[Event "Washington Open Championship"]
[Site "Seattle, WA"]
[Date "2013.05.27"]
[Round "6"]
[White "Egbert Michael  (WA)"]
[Black "Harlin Jeremy  (WA)"]
[Result "1/2-1/2"]
[WhiteElo "1869"]
[BlackElo "1208"]
[Annotator ""]
[Source ""]
[Remark "Open"]

1.e4 e5 2.Nf3 Nf6 3.Nxe5 d6 4.Nf3 Nxe4 5.d4 Nf6 6.h3 h6 7.Bd3
Be6 8.c4 c6 9.O-O Be7 10.Nc3 O-O 11.Bf4 ( 11.b3 Nbd7 12.Bf4 Re8
13.Bc2 d5 14.c5 Nf8 15.Re1 N6d7 16.Qd3 b6 17.b4 Bf6 18.b5 Nb8
19.cxb6 axb6 20.bxc6 Nxc6 21.Rab1 Na5 22.Nb5 Nc4 23.Nc7 Ra3 24.Rb3
Rxa2 25.Nxe8 Qxe8 26.Bb1 Ra7 27.Ne5 Bxe5 28.Bxe5 Qe7 29.Qg3 Qg5
30.Qxg5 hxg5 31.Bd3 Nd7 32.f4 gxf4 33.Bxf4 Ra2 34.Rc1 g6 35.Rb5
Na3 36.Rb4 Nc4 37.Kh2 Ra3 38.Be2 Kg7 39.Rd1 Ra5 40.Bc7 Kf8 41.Bxc4
dxc4 42.Bxb6 Nxb6 43.Rxb6 Ke7 44.Kg3 Bd5 45.Rb2 Kd6 46.Re1 Ra3+
47.Kf4 {1/2-1/2, Havlicek Libor (SVK) 2169 - Magat Jozef (SVK) 2052, Slovakia 2001}
) d5 12.c5 Nbd7 13.Re1 Re8 14.b4 Nf8 ( 14...b5 15.Bc2 Nf8 16.Ne5
Bd7 17.Qd3 Ne6 18.Bh2 a6 19.a4 g6 20.axb5 axb5 21.Rxa8 Qxa8 22.Nxd7
Nxd7 23.Rxe6 Bf6 24.Rxe8+ Qxe8 25.Qe3 Qa8 26.Be5 Nxe5 27.dxe5
Be7 28.Kh2 Qb8 29.f4 Qa8 30.Qd3 Qb8 31.Ne2 Qc8 32.Nd4 {1-0, Sergeeva Maria (KAZ) 2160 - Goletto Celine (FRA) 2050, Cannes (France) 1997}
) 15.Qc2 Qd7 16.Ne5 Qc8 17.a4 a6 18.b5 axb5 19.axb5 N8d7 20.b6
Nxe5 21.Bxe5 Nd7 22.Bg3 Bf6 23.Ra4 Rxa4 24.Nxa4 Bxd4 25.Bd6 Bf6
26.Nc3 Be7 27.Bxe7 Rxe7 28.Ne2 Nf6 29.Ra1 Qe8 30.Ra7 Qc8 31.Qa4
Bf5 1/2-1/2